ALL Little Mix Songs as of February 2026 - Statistics

General Stats
  • This quiz has been taken 15 times
  • The average score is 110 of 187
Answer Stats
Hint Track # Answer % Correct
Get Weird 1 Black Magic
100%
DNA 2 DNA
100%
Glory Days 1 Shout Out to My Ex
100%
DNA 1 Wings
100%
Confetti 4 Confetti
89%
Glory Days 18 Power
89%
Glory Days 5 Power (feat. Stormzy)
89%
Salute 1 Salute
89%
Glory Days 17 Touch
89%
Glory Days 2 Touch (feat. Kid Ink)
89%
Between Us 3 Between Us
78%
DNA 16 Cannonball
78%
Glory Days 4 F.U.
78%
Get Weird 5 Hair
78%
Get Weird 17 Hair (feat. Sean Paul)
78%
Confetti 2 Holiday
78%
LM5 6 Joan of Arc
78%
Between Us 2 Love (Sweet Love)
78%
Salute 2 Move
78%
Between Us 1 No
78%
LM5 17 Only You
78%
Glory Days 7 Oops (feat. Charlie Puth)
78%
Get Weird 4 Secret Love Song (feat. Jason Derulo)
78%
Get Weird 14 Secret Love Song, Pt. II
78%
LM5 4 Strip (fea. Sharaya J)
78%
Confetti 3 Sweet Melody
78%
LM5 10 Wasabi
78%
LM5 2 Woman Like Me (feat. MAGA Minaj)
78%
LM5 8 American Boy
67%
Confetti 9 A Mess (Happy 4 U)
67%
JADE - THAT'S SHOWBIZ BABY! 1 Angel Of My Dreams
67%
Salute 10 Boy
67%
Confetti 1 Break Up Song
67%
Confetti 13 Breathe
67%
DNA 15 Case Closed
67%
DNA 3 Change Your Life
67%
Leigh-Anne - Singles 2023 Don't Say Love
67%
Glory Days 9 Down & Dirty
67%
Confetti 8 Gloves Up
67%
DNA 11 Going Nowhere
67%
Confetti 5 Happiness
67%
Between Us 4 Heartbreak Anthem
67%
DNA 17 How Ya Doin?
67%
DNA 9 How Ya Doin? (feat. Missy Elliott)
67%
Between Us 5 Kiss My (Uh Oh)
67%
Get Weird 9 Lightning
67%
Salute 3 Little Me
67%
Get Weird 2 Love Me Like You
67%
DNA 12 Madhouse
67%
DNA 14 Make You Believe
67%
LM5 11 More Than Words (feat. Kamille)
67%
LM5 12 Motivate
67%
Leigh-Anne - Singles 2023 My Love (feat. Arya Starr)
67%
Confetti 10 My Love Won't Let You Down
67%
Glory Days 19 No More Sad Songs
67%
Glory Days 6 No More Sad Songs (feat. mgk)
67%
LM5 13 Notice
67%
Glory Days 12 Private Show
67%
DNA 10 Red Planet (feat. T-Boz)
67%
Glory Days 3 Reggaetón Lento (Remix)
67%
Confetti 11 Rendezvous
67%
Get Weird 16 The Beginning
67%
Get Weird 12 The End
67%
LM5 1 The National Manthem
67%
LM5 3 Think About Us
67%
Salute 6 Towers
67%
Between Us 7 Trash
67%
DNA 7 Turn Your Face
67%
LM5 16 Woman's World
67%
Salute 4 Word Up!
67%
Glory Days 8 You Gotta Not
67%
Salute 9 About The Boy
56%
Perrie - Perrie 12 Absofuckinglutely
56%
Get Weird 10 A.D.I.D.A.S.
56%
Salute 13 A Different Beat
56%
DNA 4 Always Be Together
56%
Leigh-Anne - No Hard Feelings - EP 4 Anticipate
56%
Leigh-Anne - My Ego Told Me To 4 Been a Minute
56%
Glory Days 20 Beep Beep
56%
JADE - THAT'S SHOWBIZ BABY! 13 Before You Break My Heart
56%
JADE - THAT'S SHOWBIZ BABY! THE ENCORE 4 Best You Could
56%
Confetti 15 Bounce Back
56%
Jesy Nelson - Singles 2021 Boyz (feat. MAGA Minaj)
56%
Leigh-Anne - My Ego Told Me To 6 Burning Up
56%
JADE - THAT'S SHOWBIZ BABY! THE ENCORE 1 Church
56%
Get Weird 15 Clued Up
56%
Salute 7 Competition
56%
Between Us 6 Cut You Off
56%
Leigh-Anne - My Ego Told Me To 2 Dead and Gone
56%
JADE - THAT'S SHOWBIZ BABY! THE ENCORE 8 Tar
56%
JADE - THAT'S SHOWBIZ BABY! THE ENCORE 3 Dreamcheater
56%
JADE - THAT'S SHOWBIZ BABY! 6 Fantasy
56%
Leigh-Anne - No Hard Feelings - EP 2 Forbidden Fruit
56%
Perrie - Perrie 1 Forget About Us
56%
LM5 15 Forget You Not
56%
Glory Days 21 Freak
56%
Leigh-Anne - My Ego Told Me To 12 FREE
56%
Leigh-Anne - Singles 2025 Friends (with Rvssian)
56%
JADE - THAT'S SHOWBIZ BABY! THE ENCORE 6 Frozen
56%
JADE - THAT'S SHOWBIZ BABY! 3 FUFN (Fuck You For Now)
56%
JADE - THAT'S SHOWBIZ BABY! 12 Glitch
56%
Salute 11 Good Enough
56%
Get Weird 6 Grown
56%
JADE - THAT'S SHOWBIZ BABY! 10 Headache
56%
JADE - THAT'S SHOWBIZ BABY! THE ENCORE 7 If My Heart Was A House
56%
Confetti 12 If You Want My Love
56%
Leigh-Anne - No Hard Feelings - EP 5 I'll Still Be Here
56%
Get Weird 7 I Love You
56%
Glory Days 15 Is Your Love Enough?
56%
JADE - THAT'S SHOWBIZ BABY! 2 IT girl
56%
JADE - THAT'S SHOWBIZ BABY! 9 Lip Service
56%
LM5 7 Love a Girl Right
56%
DNA 13 Love Drunk
56%
Get Weird 11 Love Me or Leave Me
56%
JADE - THAT'S SHOWBIZ BABY! 5 Midnight Cowboy
56%
LM5 5 Monster in Me
56%
Leigh-Anne - My Ego Told Me To 7 Most Wanted (with Rvssian & Valiant)
56%
JADE - THAT'S SHOWBIZ BABY! 11 Natural at Disaster
56%
Leigh-Anne - No Hard Feelings - EP 6 Nature
56%
Glory Days 11 Nobody Like You
56%
Confetti 6 Not a Pop Song
56%
Glory Days 13 Nothing Else Matters
56%
Get Weird 8 OMG
56%
Leigh-Anne - No Hard Feelings - EP 3 OMG
56%
JADE - THAT'S SHOWBIZ BABY! 4 Plastic Box
56%
DNA 6 Pretend It's OK
56%
Leigh-Anne - My Ego Told Me To 3 Revival
56%
Perrie - Singles 2025 Rollercoaster
56%
Salute 14 See Me Now
56%
JADE - THAT'S SHOWBIZ BABY! 8 Self Saboteur
56%
JADE - THAT'S SHOWBIZ BABY! 14 Silent Disco
56%
Leigh-Anne - No Hard Feelings - EP 1 Stealin' Love
56%
Leigh-Anne - My Ego Told Me To 14 Talk to me nice
56%
Perrie - Singles 2024 Tears
56%
LM5 14 The Cure
56%
Salute 8 These Four Walls
56%
Salute 15 They Just Don't Know You
56%
JADE - THAT'S SHOWBIZ BABY! THE ENCORE 2 This Is What We Dance For
56%
LM5 9 Told You So
56%
JADE - THAT'S SHOWBIZ BABY! 7 Unconditional
56%
JADE - THAT'S SHOWBIZ BABY! THE ENCORE 5 Use Me
56%
DNA 8 We Are Who We Are
56%
Get Weird 3 Weird People
56%
Perrie - Perrie 15 You Go Your Way
56%
Glory Days 10 Your Love
56%
Perrie - Perrie 5 Baby Steps
44%
Leigh-Anne - My Ego Told Me To 8 Best Version of Me
44%
Glory Days 16 Dear Lover
44%
Leigh-Anne - My Ego Told Me To 5 Goodbye Goodmorning
44%
Perrie - Perrie 16 Goodbye My Friend
44%
JADE - Singles/Collabs 2025 gossip (with Confidence Man)
44%
Leigh-Anne - My Ego Told Me To 15 Heaven
44%
Perrie - Perrie 2 If He Wanted To He Would
44%
Glory Days 14 If I Get My Way
44%
Get Weird 13 I Won't
44%
Leigh-Anne - My Ego Told Me To 1 Look into My Eyes
44%
Leigh-Anne - My Ego Told Me To 9 Me Minus U
44%
Perrie - Perrie 9 Miss You
44%
Salute 12 Mr Loverboy
44%
Confetti 7 Nothing But My Feelings
44%
Salute 5 Nothing Feels Like You
44%
Perrie - Perrie 10 Punchline
44%
Perrie - Perrie 7 Pushing Up Daisies
44%
Perrie - Perrie 11 Put You First
44%
Perrie - Perrie 4 Rocket Scientist
44%
Perrie - Perrie 14 Same Place Different View
44%
Perrie - Perrie 3 Sand Dancer
44%
Salute 16 Stand Down
44%
DNA 5 Stereo Soldier
44%
Leigh-Anne - My Ego Told Me To 10 Sunrise
44%
Leigh-Anne - My Ego Told Me To 13 Tight Up Skirt
44%
JADE - Singles/Collabs 2025 Tonight (PinkPantheress)
44%
Perrie - Perrie 13 Where You Are
44%
Leigh-Anne - My Ego Told Me To 11 You ARE a star (Interlude)
44%
JADE - Singles/Collabs 2025 Angel Of Satisfaction (Rose Gray)
33%
Perrie - Perrie 6 Bonnie and Clyde
33%
JADE - Singles/Collabs 2025 BOY CRAZY. (Kesha)
33%
Perrie - Perrie 8 Cute Aggression
33%
JADE - Singles/Collabs 2025 HOT (English ver.) (LE SSERAFIM)
33%
Perrie - Singles 2024 Me, Myself & You
33%
Confetti 14 No Time For Tears
33%
Confetti 16 One I've Been Missing
33%
Perrie - Singles 2026 Woman In Love
33%
Jesy Nelson - Singles 2023 Bad Thing
22%
Perrie - Singles 2024 Christmas Magic
22%
Leigh-Anne - Singles 2025 Hello (with Sigala & Jonita Gandhi)
22%
Jesy Nelson - Singles 2024 Mine (with Zion Foster)
22%
No matching quizzes found
Score Distribution
Percent of People with Each Score
Percentile by Number Answered
Your Score History
You have not taken this quiz